[Event "Rated Blitz tournament iK4VnmmR"]
[Site "?"]
[Date "2021.07.22"]
[Round "?"]
[White "MW1966"]
[Black "dr_xStranger"]
[Result "0-1"]
[WhiteElo "2498"]
[BlackElo "2503"]
[PlyCount "32"]
[EventDate "2021.??.??"]
[EventType "blitz"]

1. e4 e5 2. Nf3 d5 3. exd5 e4 4. Qe2 Nf6 5. d3 Bb4+ 6. Bd2 O-O 7. Bxb4 exf3 8.
Qxf3 Re8+ 9. Be2 Bg4 10. Qe3 Rxe3 11. fxe3 Bxe2 12. Kxe2 Qxd5 13. Kf1 Qf5+ 14.
Kg1 Ng4 15. Be1 Nxe3 16. h3 Qf1+ {Normal} 0-1

[Event "Rated Blitz game"]
[Site "?"]
[Date "2021.07.22"]
[Round "?"]
[White "Chesstomioka"]
[Black "Fantastic_power06"]
[Result "1-0"]
[WhiteElo "2665"]
[BlackElo "2767"]
[PlyCount "75"]
[EventDate "2021.??.??"]
[EventType "blitz"]

1. e4 e5 2. Nf3 d5 3. Nxe5 Bd6 4. d4 dxe4 5. Nc4 Nc6 6. Nxd6+ Qxd6 7. c3 Bf5 8.
Nd2 O-O-O 9. Nc4 Qg6 10. Bf4 Nf6 11. Ne3 Be6 12. Qa4 Nh5 13. Bg3 Nxg3 14. hxg3
Kb8 15. O-O-O Bc8 16. Bb5 Ne7 17. Be2 f5 18. Qb4 Nc6 19. Qb3 Qd6 20. Qf7 Qe7
21. Bc4 Qxf7 22. Bxf7 Rdf8 23. Bd5 Ne7 24. Bb3 h6 25. Nc4 f4 26. Ne5 fxg3 27.
fxg3 Rf2 28. Rd2 Rhf8 29. Re1 Rf1 30. Rde2 Rxe1+ 31. Rxe1 Rf2 32. Rxe4 Rxg2 33.
Nd7+ Bxd7 34. Rxe7 Kc8 35. Rxg7 c6 36. d5 cxd5 37. Bxd5 Bc6 38. Bxg2 {Normal}
1-0

[Event "Rated Blitz tournament 1jwSCniK"]
[Site "?"]
[Date "2021.07.22"]
[Round "?"]
[White "Penicillus"]
[Black "Pashkomarku"]
[Result "1-0"]
[WhiteElo "2406"]
[BlackElo "2235"]
[PlyCount "67"]
[EventDate "2021.??.??"]
[EventType "blitz"]

1. e4 e5 2. Nf3 d5 3. Nxe5 Qe7 4. d4 f6 5. Nd3 dxe4 6. Nf4 Bf5 7. c4 Nc6 8. Nd5
Qf7 9. Be3 O-O-O 10. Nbc3 Nge7 11. Qa4 Kb8 12. Nxe7 Bxe7 13. d5 Nb4 14. Bxa7+
Kc8 15. Be3 Na6 16. Be2 Bd7 17. Qc2 f5 18. g3 g5 19. Bd4 Bf6 20. O-O-O Bxd4 21.
Rxd4 Qf6 22. Rhd1 h5 23. Qb3 Kb8 24. Nb5 h4 25. Qc3 hxg3 26. hxg3 Rh2 27. Rf1
Re8 28. Rd2 f4 29. Qxf6 e3 30. fxe3 fxe3 31. Rc2 Nb4 32. Qf7 Nxc2 33. Qxd7 Rc8
34. Bg4 {Normal} 1-0

[Event "Rated Blitz game"]
[Site "?"]
[Date "2021.07.22"]
[Round "?"]
[White "MIKHAIL_KHMELEV2000"]
[Black "Artem_0degov"]
[Result "1-0"]
[WhiteElo "2294"]
[BlackElo "2692"]
[PlyCount "93"]
[EventDate "2021.??.??"]
[EventType "blitz"]

1. e4 e5 2. Nf3 d5 3. Nxe5 Bd6 4. d4 dxe4 5. Nc4 Nf6 6. Nxd6+ Qxd6 7. Nc3 O-O
8. Be2 Nc6 9. Be3 Rd8 10. O-O Nxd4 11. Bxd4 Qxd4 12. Qe1 Bf5 13. Rd1 Qb4 14. b3
Rxd1 15. Nxd1 Qxe1 16. Rxe1 Rd8 17. Ne3 Be6 18. Rd1 Rxd1+ 19. Bxd1 Kf8 20. Kf1
Nd5 21. Nxd5 Bxd5 22. Ke2 Ke7 23. Ke3 Kd6 24. c4 Bc6 25. Kd4 f5 26. Be2 b6 27.
b4 Bd7 28. c5+ Ke6 29. Bc4+ Kf6 30. g3 g5 31. Bd5 h5 32. Bc4 b5 33. Be2 c6 34.
Bxh5 g4 35. a3 a6 36. Ke3 Ke5 37. Bf7 Be6 38. Be8 Kd5 39. Kf4 Bc8 40. Bg6 Kc4
41. Bxf5 Bxf5 42. Kxf5 Kb3 43. Kxg4 Kxa3 44. h4 Kxb4 45. h5 a5 46. h6 e3 47.
fxe3 {Normal} 1-0

[Event "Rated Blitz game"]
[Site "?"]
[Date "2021.07.22"]
[Round "?"]
[White "bezonlaroumaine"]
[Black "Fantastic_power06"]
[Result "1-0"]
[WhiteElo "2658"]
[BlackElo "2754"]
[PlyCount "36"]
[EventDate "2021.??.??"]
[EventType "blitz"]

1. e4 e5 2. Nf3 d5 3. exd5 e4 4. Ne5 Nf6 5. d4 exd3 6. Bxd3 Qxd5 7. O-O Be6 8.
Re1 Bb4 9. Bd2 Bxd2 10. Qxd2 O-O 11. Nc3 Qd8 12. Qf4 c6 13. Rad1 Qc7 14. Ne4
Nxe4 15. Qxe4 g6 16. Qh4 Nd7 17. Nf3 Qd8 18. Ng5 h6 {Normal} 1-0

[Event "Rated Blitz tournament fuKCnKUN"]
[Site "?"]
[Date "2021.07.22"]
[Round "?"]
[White "abizar_BKD"]
[Black "Gendut_BKD"]
[Result "1-0"]
[WhiteElo "2396"]
[BlackElo "2443"]
[PlyCount "113"]
[EventDate "2021.??.??"]
[EventType "blitz"]

1. e4 e5 2. Nf3 d5 3. d3 dxe4 4. dxe4 Qxd1+ 5. Kxd1 Bg4 6. Be3 Nc6 7. c3 O-O-O+
8. Kc2 Nf6 9. Nbd2 Nd7 10. Ng5 Bh5 11. Bc4 f6 12. Nf7 Bxf7 13. Bxf7 Bc5 14.
Rhe1 Bxe3 15. Rxe3 Nc5 16. Bd5 Ne7 17. Bc4 c6 18. b4 Nd7 19. Be6 Kc7 20. Nc4
Nb6 21. Nxb6 axb6 22. a4 Rd6 23. Bc4 Rhd8 24. Rd3 Ng6 25. Rxd6 Rxd6 26. g3 h5
27. h4 Ne7 28. a5 b5 29. Be2 g6 30. Rf1 f5 31. exf5 Nxf5 32. Bd3 Rf6 33. Re1
Kd6 34. Re2 Ne7 35. Be4 Kc7 36. Rd2 Nf5 37. Re2 Nd6 38. Bg2 Re6 39. Bh3 Rf6 40.
Bf1 e4 41. Bg2 Kd7 42. Kd2 Kc7 43. Ke1 Re6 44. Bh3 Re5 45. Bg2 Re6 46. Re3 Nc4
47. Rxe4 Rf6 48. Re2 Kb8 49. Be4 Nd6 50. Bd3 Ka7 51. f4 Nf7 52. Kd2 Nh6 53. Re7
Rd6 54. Kc2 Ng4 55. Re2 Nf6 56. Bxg6 Ng8 57. Bd3 {Time forfeit} 1-0

[Event "Rated Blitz tournament iK4VnmmR"]
[Site "?"]
[Date "2021.07.22"]
[Round "?"]
[White "Solaris_EternalSun"]
[Black "dr_xStranger"]
[Result "0-1"]
[WhiteElo "2559"]
[BlackElo "2494"]
[PlyCount "88"]
[EventDate "2021.??.??"]
[EventType "blitz"]

1. e4 e5 2. Nf3 d5 3. Nxe5 Bd6 4. d4 dxe4 5. Bc4 Bxe5 6. Qh5 Qe7 7. Qxe5 Qxe5
8. dxe5 Nc6 9. Nc3 Bf5 10. Bb3 Nxe5 11. Bf4 Ng6 12. Bxc7 Nf6 13. O-O-O O-O 14.
h3 h5 15. Rhe1 Rac8 16. Bd6 Rfd8 17. Bg3 a6 18. Nd5 Nxd5 19. Rxd5 Rxd5 20. Bxd5
e3 21. c3 exf2 22. Bxf2 Nf4 23. Bxb7 Rb8 24. Bxa6 Ra8 25. Bc4 Rc8 26. Bb5 Rb8
27. Re5 Bd3 28. Bg3 Rxb5 29. Rxb5 Ne2+ 30. Kd2 Bxb5 31. Be5 f6 32. Bc7 Kf7 33.
b3 Ng1 34. Bb6 Nxh3 35. gxh3 Bd7 36. h4 g5 37. Bf2 Kg6 38. Ke3 Kf5 39. c4 Kg4
40. hxg5 fxg5 41. b4 h4 42. b5 h3 43. Bg1 Kg3 44. a4 Kg2 {Normal} 0-1

[Event "Rated Blitz game"]
[Site "?"]
[Date "2021.07.22"]
[Round "?"]
[White "Dapsay"]
[Black "KinzyabulatovRenat"]
[Result "1-0"]
[WhiteElo "2566"]
[BlackElo "2387"]
[PlyCount "95"]
[EventDate "2021.??.??"]
[EventType "blitz"]

1. e4 e5 2. Nf3 d5 3. Qe2 Nf6 4. d3 dxe4 5. dxe4 Nc6 6. Nc3 Bb4 7. Bd2 O-O 8.
h3 Nd4 9. Nxd4 exd4 10. Nb1 Re8 11. f3 Nd5 12. Bxb4 Nxb4 13. Qd2 Nd5 14. Qxd4
c5 15. Qf2 Nf4 16. Nd2 Qa5 17. a3 Be6 18. O-O-O b5 19. g3 b4 20. Nc4 Bxc4 21.
Bxc4 bxa3 22. gxf4 Qb4 23. Bb3 c4 24. Rd4 Rec8 25. Qe2 axb2+ 26. Kb1 Qa3 27.
Ba2 Rab8 28. Rxc4 Qd6 29. Rxc8+ Rxc8 30. e5 Qb6 31. Bb3 a5 32. Qe4 g6 33. Kxb2
Kg7 34. Ra1 Rc5 35. h4 h5 36. f5 Qc7 37. f6+ Kh7 38. f4 Rc3 39. Qd4 Rf3 40. Qc4
Qxc4 41. Bxc4 Rxf4 42. Bxf7 Rxh4 43. Bxg6+ Kxg6 44. Rg1+ Kf5 45. Rf1+ Ke6 46.
Kc1 Rf4 47. Re1 Rf5 48. Rd1 {Time forfeit} 1-0

[Event "Rated Blitz game"]
[Site "?"]
[Date "2021.07.22"]
[Round "?"]
[White "Chesstomioka"]
[Black "Fantastic_power06"]
[Result "0-1"]
[WhiteElo "2661"]
[BlackElo "2770"]
[PlyCount "38"]
[EventDate "2021.??.??"]
[EventType "blitz"]

1. e4 e5 2. Nf3 d5 3. Nxe5 Bd6 4. d4 dxe4 5. Bc4 Bxe5 6. Qh5 Qe7 7. Qxe5 Qxe5
8. dxe5 Nc6 9. Bb5 Nge7 10. Nc3 Bf5 11. Bf4 O-O-O 12. Bg5 Rd7 13. Rd1 Rhd8 14.
Bxc6 bxc6 15. O-O Rxd1 16. Rxd1 Rxd1+ 17. Nxd1 Ng6 18. Ne3 Be6 19. b3 h6 {
Normal} 0-1

[Event "Rated Blitz tournament N6uPU9j9"]
[Site "?"]
[Date "2021.07.22"]
[Round "?"]
[White "snayperchess"]
[Black "EugenTripolsky"]
[Result "0-1"]
[WhiteElo "2697"]
[BlackElo "2458"]
[PlyCount "40"]
[EventDate "2021.??.??"]
[EventType "blitz"]

1. e4 e5 2. Nf3 d5 3. exd5 e4 4. Qe2 Nf6 5. Nc3 Be7 6. Nxe4 O-O 7. Nxf6+ Bxf6
8. d4 Re8 9. Be3 Qxd5 10. Qc4 Qd6 11. Be2 Nc6 12. O-O Bf5 13. Rad1 Rad8 14. c3
h6 15. b4 a6 16. Qc5 Qd7 17. b5 axb5 18. Qxb5 Be4 19. a4 Ra8 20. Qd5 Bxd5 {
Normal} 0-1

[Event "Rated Blitz tournament iK4VnmmR"]
[Site "?"]
[Date "2021.07.22"]
[Round "?"]
[White "Kmkm33"]
[Black "dr_xStranger"]
[Result "1-0"]
[WhiteElo "2310"]
[BlackElo "2493"]
[PlyCount "47"]
[EventDate "2021.??.??"]
[EventType "blitz"]

1. e4 e5 2. Nf3 d5 3. exd5 e4 4. Nd4 Nf6 5. c4 Bc5 6. Nc2 Ng4 7. Ne3 Bxe3 8.
dxe3 Qf6 9. Qe2 Ne5 10. Qd2 Bg4 11. h3 Bh5 12. Nc3 Qf5 13. Nb5 O-O 14. Nxc7 Na6
15. Nxa8 Nc5 16. Nc7 Ncd3+ 17. Bxd3 Nxd3+ 18. Kf1 Rc8 19. d6 Qd7 20. c5 Nxc5
21. Qd5 Rxc7 22. dxc7 Qxc7 23. Qxh5 Nd3 24. Qd1 {Normal} 1-0

[Event "Rated Blitz game"]
[Site "?"]
[Date "2021.07.22"]
[Round "?"]
[White "Chesstomioka"]
[Black "Fantastic_power06"]
[Result "1/2-1/2"]
[WhiteElo "2670"]
[BlackElo "2761"]
[PlyCount "42"]
[EventDate "2021.??.??"]
[EventType "blitz"]

1. e4 e5 2. Nf3 d5 3. Nxe5 Bd6 4. d4 dxe4 5. Bc4 Bxe5 6. dxe5 Qxd1+ 7. Kxd1 Nc6
8. Bb5 Nge7 9. Bf4 Bg4+ 10. Kc1 O-O-O 11. Nc3 Nd4 12. Bc4 Ng6 13. Bg3 Be6 14.
Bxe6+ Nxe6 15. Nxe4 Rd5 16. Rd1 Rhd8 17. Rxd5 Rxd5 18. Nc3 Rc5 19. Ne4 Rd5 20.
Nc3 Rc5 21. Ne4 Rd5 {Normal} 1/2-1/2

[Event "Rated Blitz tournament iK4VnmmR"]
[Site "?"]
[Date "2021.07.22"]
[Round "?"]
[White "sharan_chessmood"]
[Black "dr_xStranger"]
[Result "1-0"]
[WhiteElo "2339"]
[BlackElo "2497"]
[PlyCount "31"]
[EventDate "2021.??.??"]
[EventType "blitz"]

1. e4 e5 2. Nf3 d5 3. Nxe5 Bd6 4. d4 dxe4 5. Bc4 Bxe5 6. Qh5 Qe7 7. Qxe5 Qxe5
8. dxe5 Nc6 9. Nc3 Bf5 10. Bf4 O-O-O 11. Rd1 Nd4 12. Rd2 e3 13. fxe3 Nxc2+ 14.
Ke2 Rxd2+ 15. Kxd2 Ne7 16. e4 {Normal} 1-0

[Event "Rated Blitz tournament UCQcLtEJ"]
[Site "?"]
[Date "2021.07.22"]
[Round "?"]
[White "HpRmDrNsT"]
[Black "batasjon"]
[Result "1-0"]
[WhiteElo "2298"]
[BlackElo "2406"]
[PlyCount "93"]
[EventDate "2021.??.??"]
[EventType "blitz"]

1. e4 e5 2. Nf3 d5 3. d4 dxe4 4. Nxe5 Bd6 5. Bf4 Nf6 6. Bc4 O-O 7. Nc3 Nc6 8.
Nxc6 bxc6 9. Bg5 Bf5 10. h3 Rb8 11. Bb3 Rb4 12. g4 Bg6 13. h4 h6 14. Be3 Re8
15. h5 Bh7 16. g5 hxg5 17. h6 g6 18. Bxg5 Be7 19. Be3 c5 20. dxc5 Qa8 21. Nd5
Nxd5 22. Bxd5 c6 23. c3 Rxb2 24. Bb3 Rd8 25. Qc1 Rxb3 26. axb3 Rd3 27. Qa3 Bf6
28. Qxa7 Bxc3+ 29. Ke2 Qf8 30. Ra6 f5 31. Rxc6 f4 32. Bxf4 Rd8 33. Rg1 Qxf4 34.
Rcxg6+ Kh8 35. Rg8+ Rxg8 36. Rxg8+ Bxg8 37. h7 Bxh7 38. Qb8+ Kg7 39. Qxf4 Bg6
40. Qg4 e3 41. Kf1 Bf6 42. Ke2 exf2 43. Qxg6+ Kxg6 44. Kxf2 Kf5 45. b4 Ke5 46.
Ke2 Kd5 47. c6 {Time forfeit} 1-0

[Event "Rated Blitz game"]
[Site "?"]
[Date "2021.07.22"]
[Round "?"]
[White "Shamsutdin"]
[Black "agent__orange"]
[Result "0-1"]
[WhiteElo "2469"]
[BlackElo "2402"]
[PlyCount "156"]
[EventDate "2021.??.??"]
[EventType "blitz"]

1. e4 e5 2. Nf3 d5 3. Nxe5 Bd6 4. d4 dxe4 5. Nc4 Nf6 6. Nxd6+ Qxd6 7. Be2 O-O
8. O-O Nc6 9. Be3 Rd8 10. c3 Nd5 11. Nd2 f5 12. g3 Re8 13. Nc4 Qf6 14. Qd2 h6
15. a4 g5 16. Bh5 Re7 17. Ne5 f4 18. gxf4 gxf4 19. Kh1 fxe3 20. fxe3 Qh4 21.
Qg2+ Rg7 22. Ng6 Bh3 23. Nxh4 Bxg2+ 24. Nxg2 Rxg2 25. Kxg2 Nxe3+ 26. Kh1 Nxf1
27. Rxf1 Rf8 28. Rxf8+ Kxf8 29. Kg2 Ke7 30. Kf2 Kf6 31. Ke3 Kf5 32. h3 Ne7 33.
Bg4+ Kg5 34. Kxe4 h5 35. Be6 Ng6 36. Bc8 b6 37. c4 Kf6 38. b4 Ne7 39. Bd7 Ng6
40. Kd5 Ke7 41. Bf5 Nf4+ 42. Kc6 Kd8 43. Kb7 a5 44. bxa5 bxa5 45. Kc6 Ne2 46.
d5 Nc3 47. Bc2 Kc8 48. c5 Kd8 49. d6 cxd6 50. cxd6 Ne2 51. Be4 Nc3 52. Bf5 Nxa4
53. Kb5 Nb2 54. Kxa5 Nc4+ 55. Kb5 Nxd6+ 56. Kc6 Nxf5 57. Kd5 Ke7 58. Ke5 Ng7
59. Kf4 Kf6 60. h4 Ne6+ 61. Kg3 Kf5 62. Kf3 Nf4 63. Kg3 Ng6 64. Kh3 Kf4 65. Kh2
Nxh4 66. Kh3 Nf5 67. Kh2 Kg4 68. Kg2 h4 69. Kh2 h3 70. Kg1 Kg3 71. Kh1 Nd4 72.
Kg1 Ne6 73. Kh1 Ng5 74. Kg1 Ne4 75. Kh1 Nf2+ 76. Kg1 h2+ 77. Kf1 h1=Q+ 78. Ke2
Qe4+ {Normal} 0-1

[Event "Rated Blitz tournament aK835MEm"]
[Site "?"]
[Date "2021.07.22"]
[Round "?"]
[White "pauljosephdumadapat5"]
[Black "Armament_Haki"]
[Result "0-1"]
[WhiteElo "2224"]
[BlackElo "2560"]
[PlyCount "38"]
[EventDate "2021.??.??"]
[EventType "blitz"]

1. e4 e5 2. Nf3 d5 3. Nxe5 Qe7 4. d4 f6 5. Qh5+ g6 6. Nxg6 Qxe4+ 7. Qe2 Qxe2+
8. Bxe2 hxg6 9. Nc3 c6 10. Bf4 Bf5 11. O-O-O Nd7 12. f3 Kf7 13. g4 Be6 14. h4
Bh6 15. g5 fxg5 16. hxg5 Bg7 17. Rhf1 Ne7 18. Bd6 Nf5 19. Bc7 Ne3 {Normal} 0-1

[Event "Rated Blitz game"]
[Site "?"]
[Date "2021.07.22"]
[Round "?"]
[White "Chesstomioka"]
[Black "Fantastic_power06"]
[Result "1-0"]
[WhiteElo "2663"]
[BlackElo "2767"]
[PlyCount "129"]
[EventDate "2021.??.??"]
[EventType "blitz"]

1. e4 e5 2. Nf3 d5 3. Nxe5 Bd6 4. d4 dxe4 5. Nc3 Bxe5 6. dxe5 Qxd1+ 7. Nxd1 Nc6
8. Bb5 Bd7 9. Bxc6 Bxc6 10. Bf4 O-O-O 11. Nc3 Ne7 12. Bg5 Rde8 13. b4 Ng6 14.
b5 Rxe5 15. bxc6 Rxg5 16. cxb7+ Kxb7 17. O-O Re8 18. Rab1+ Kc8 19. Nb5 Ree5 20.
Nxa7+ Kd7 21. c4 Nh4 22. Rfd1+ Ke6 23. g3 Nf3+ 24. Kg2 Rc5 25. Rb4 Ne5 26. Rd4
Ra5 27. Rb7 Rxa2 28. Rxe4 Rf5 29. Rf4 Rxf4 30. gxf4 Nd3 31. Rxc7 Nxf4+ 32. Kf3
Nd3 33. Nb5 Nxf2 34. c5 Nd3 35. Ke4 Nb4 36. Kd4 Rxh2 37. Kc4 Rh4+ 38. Nd4+ Ke5
39. Re7+ Kf6 40. Rc7 Nc2 41. Rc6+ Ke7 42. Rc7+ Kd8 43. Rxf7 Rxd4+ 44. Kc3 Rd7
45. Rf8+ Ke7 46. Rf2 Ne3 47. Re2 Kf6 48. Rxe3 h5 49. Kc4 g5 50. c6 Rd8 51. Kc5
g4 52. Re1 g3 53. Rf1+ Kg5 54. Re1 Kg4 55. Re7 Rc8 56. Kd6 Kh3 57. Re3 Rxc6+
58. Kxc6 Kh2 59. Kd5 g2 60. Re5 Kh1 61. Rxh5+ Kg1 62. Ke4 Kf1 63. Rf5+ Ke1 64.
Rg5 Kf1 65. Ra5 {Time forfeit} 1-0

[Event "Rated Blitz tournament UCQcLtEJ"]
[Site "?"]
[Date "2021.07.22"]
[Round "?"]
[White "ZB_G"]
[Black "Schachelite"]
[Result "1-0"]
[WhiteElo "2315"]
[BlackElo "2418"]
[PlyCount "105"]
[EventDate "2021.??.??"]
[EventType "blitz"]

1. e4 e5 2. Nf3 d5 3. exd5 e4 4. Qe2 Nf6 5. d3 Qxd5 6. Nbd2 Nc6 7. dxe4 Qe6 8.
Qc4 Qe7 9. Bd3 Be6 10. Qa4 O-O-O 11. a3 Kb8 12. b4 Bd7 13. b5 Ne5 14. Bb2 Nxf3+
15. Nxf3 Nxe4 16. Qxe4 Qxe4+ 17. Bxe4 Re8 18. O-O-O Bxb5 19. Bd5 f6 20. Rhe1
Bc5 21. Bd4 Bxa3+ 22. Kb1 a5 23. Bb2 Bb4 24. c3 Bc5 25. Nd4 Ba4 26. Rxe8+ Rxe8
27. Rd2 Re1+ 28. Ka2 c6 29. Re2 Rxe2 30. Nxe2 cxd5 31. Nf4 Bc6 32. Ne6 Bd6 33.
Nxg7 Bxh2 34. Nf5 Bg1 35. g3 Bxf2 36. Nd4 Bxg3 37. Ne6 h5 38. Kb3 h4 39. Bc1 h3
40. Nf4 h2 41. Ng2 h1=Q 42. Bf4+ Bxf4 43. Nxf4 Qe4 44. Ne6 Qc4+ 45. Kc2 d4 46.
Kb2 Qxc3+ 47. Kb1 Be4+ 48. Ka2 Qc2+ 49. Ka3 a4 50. Kb4 Qb3+ 51. Kc5 b6+ 52. Kd6
Qd5+ 53. Ke7 {Time forfeit} 1-0

[Event "Rated Blitz game"]
[Site "?"]
[Date "2021.07.22"]
[Round "?"]
[White "Chesstomioka"]
[Black "Fantastic_power06"]
[Result "0-1"]
[WhiteElo "2672"]
[BlackElo "2761"]
[PlyCount "148"]
[EventDate "2021.??.??"]
[EventType "blitz"]

1. e4 e5 2. Nf3 d5 3. Nxe5 Bd6 4. d4 dxe4 5. Nc4 Nc6 6. Nxd6+ Qxd6 7. c3 Bf5 8.
Nd2 O-O-O 9. Nc4 Qe7 10. Bf4 Nf6 11. Ne3 Be6 12. Bb5 Nd5 13. Nxd5 Bxd5 14. O-O
a6 15. Be2 g5 16. Be3 f5 17. c4 Bf7 18. d5 f4 19. Bd4 Nxd4 20. Qxd4 Kb8 21. Bg4
Bg6 22. Rfe1 h5 23. Be6 Rhf8 24. Qe5 g4 25. g3 e3 26. fxe3 f3 27. Rf1 h4 28.
gxh4 Qxh4 29. Qg3 Qg5 30. Rae1 Bd3 31. Rf2 Bxc4 32. Qxg4 Rxd5 33. h3 Rc5 34.
Bxc4 Qxg4+ 35. hxg4 Rxc4 36. e4 Rf4 37. Kh2 Rxg4 38. Re3 Rcxe4 39. Rexf3 Ka7
40. Rc2 Rg7 41. Rfc3 c5 42. Kh1 b6 43. Rh3 Re1+ 44. Kh2 Kb7 45. Rf3 Re6 46. Rh3
Kc7 47. Rf2 Rge7 48. Rhf3 Re2 49. Kg2 Rxf2+ 50. Rxf2 Kc6 51. Kf1 Re6 52. Rf3 b5
53. Kf2 Kd5 54. Rd3+ Kc6 55. Rf3 c4 56. b3 Kc5 57. bxc4 bxc4 58. Ra3 Kb4 59.
Rf3 c3 60. Rf8 Rb6 61. Rc8 Ka3 62. Rxc3+ Kxa2 63. Rc5 Rb2+ 64. Ke3 Rb5 65. Rc4
Rb3+ 66. Kd4 a5 67. Ra4+ Ra3 68. Rxa5 Kb3 69. Rb5+ Ka4 70. Rh5 Ra2 71. Rh8 Kb3
72. Rb8+ Kc2 73. Rc8+ Kd1 74. Rc2 Ke1 {Time forfeit} 0-1

[Event "Rated Blitz game"]
[Site "?"]
[Date "2021.07.22"]
[Round "?"]
[White "peaudepaillator"]
[Black "Fantastic_power06"]
[Result "0-1"]
[WhiteElo "2595"]
[BlackElo "2773"]
[PlyCount "60"]
[EventDate "2021.??.??"]
[EventType "blitz"]

1. e4 e5 2. Nf3 d5 3. exd5 e4 4. Qe2 Nf6 5. d3 Qxd5 6. Nbd2 Nc6 7. dxe4 Qc5 8.
Qc4 Ng4 9. Qxc5 Bxc5 10. Bb5 Bxf2+ 11. Ke2 Bb6 12. h3 Nf6 13. e5 Nh5 14. Rd1
Ng3+ 15. Ke1 O-O 16. Bxc6 bxc6 17. Nf1 Ne4 18. Be3 Bf5 19. g4 Bg6 20. Nh4 Rfe8
21. Nxg6 hxg6 22. Bxb6 axb6 23. Rd7 Rxe5 24. Rxc7 Rd8 25. Ke2 Nc5+ 26. Kf3 Ne6
27. Rb7 Nd4+ 28. Kg3 Nxc2 29. Rc1 Nd4 30. a4 Ne2+ {Normal} 0-1

[Event "Rated Blitz game"]
[Site "?"]
[Date "2021.07.22"]
[Round "?"]
[White "Colin20"]
[Black "oJHuNYHuTANGCo"]
[Result "0-1"]
[WhiteElo "2476"]
[BlackElo "2346"]
[PlyCount "58"]
[EventDate "2021.??.??"]
[EventType "blitz"]

1. e4 e5 2. Nf3 d5 3. exd5 e4 4. Qe2 Nf6 5. d3 Qxd5 6. Nc3 Bb4 7. Bd2 Bxc3 8.
Bxc3 O-O 9. dxe4 Nxe4 10. Bd4 Nc6 11. Rd1 Bg4 12. Be3 Qxa2 13. h3 Bh5 14. g4
Bg6 15. c3 Rfe8 16. Bg2 Re7 17. O-O Rae8 18. Rfe1 h6 19. Nh4 Bh7 20. Nf5 Bxf5
21. gxf5 Qa5 22. Qf3 Re5 23. Bf4 R5e7 24. b4 Qxf5 25. Rf1 Nxc3 26. Qxc3 Qxf4
27. Bxc6 bxc6 28. Qxc6 Re6 29. Qa4 Rg6+ {Normal} 0-1

[Event "Rated Blitz game"]
[Site "?"]
[Date "2021.07.22"]
[Round "?"]
[White "Ali_Heydarov_87"]
[Black "Taabling"]
[Result "0-1"]
[WhiteElo "2406"]
[BlackElo "2505"]
[PlyCount "136"]
[EventDate "2021.??.??"]
[EventType "blitz"]

1. e4 e5 2. Nf3 d5 3. Nxe5 Bd6 4. d4 dxe4 5. Bc4 Bxe5 6. dxe5 Qxd1+ 7. Kxd1 Nc6
8. Re1 Bg4+ 9. Be2 O-O-O+ 10. Bd2 Nxe5 11. Bxg4+ Nxg4 12. Re2 f5 13. Nc3 N8f6
14. h3 Ne5 15. Ke1 Nc4 16. Bc1 Rhe8 17. b3 Nb6 18. Bb2 c6 19. a4 Re6 20. a5
Nbd5 21. a6 b6 22. Nxd5 Rxd5 23. Rd2 Rxd2 24. Kxd2 g6 25. c4 Nd7 26. Ke3 Nc5
27. b4 Nd3 28. Bc3 f4+ 29. Ke2 Ne5 30. Bxe5 Rxe5 31. Rd1 Kc7 32. g3 g5 33. h4
gxh4 34. gxf4 Rh5 35. Ke3 h3 36. Kxe4 h2 37. Rh1 Rh3 38. f5 Kd6 39. f4 Ke7 40.
b5 cxb5 41. cxb5 Kf6 42. Kd5 Rc3 43. Rxh2 Rc5+ 44. Kd4 Rc7 45. Ke4 Re7+ 46. Kf3
Kxf5 47. Rh5+ Kf6 48. Rh6+ Kf5 49. Rh5+ Kg6 50. Rg5+ Kf6 51. Rh5 Rc7 52. Kg4
Rg7+ 53. Rg5 h6 54. Rxg7 Kxg7 55. Kf5 Kf7 56. Ke5 h5 57. f5 h4 58. Kd6 h3 59.
Kc7 h2 60. Kb7 h1=Q+ 61. Kxa7 Ke7 62. f6+ Kd7 63. f7 Qh8 64. f8=Q Qxf8 65. Kb7
Qc8+ 66. Ka7 Qc7+ 67. Ka8 Qc5 68. a7 Qc8# {Normal} 0-1

[Event "Rated Rapid game"]
[Site "?"]
[Date "2021.07.22"]
[Round "?"]
[White "sajadianpor"]
[Black "themarov"]
[Result "0-1"]
[WhiteElo "2429"]
[BlackElo "2287"]
[PlyCount "46"]
[EventDate "2021.??.??"]
[EventType "rapid"]

1. e4 e5 2. Nf3 d5 3. Nxe5 Bd6 4. d4 dxe4 5. Nc3 Bxe5 6. dxe5 Qxd1+ 7. Kxd1 Bf5
8. Nd5 Kd8 9. Bg5+ Kc8 10. Be2 h6 11. Bh4 Nc6 12. Bg3 Nge7 13. c4 Rd8 14. Ke1
Nxd5 15. cxd5 Rxd5 16. Rd1 Rxd1+ 17. Kxd1 Kd7 18. Kd2 Ke7 19. Ke3 g5 20. Rd1
Nb4 21. f4 Nc2+ 22. Kf2 e3+ 23. Kf3 g4# {Normal} 0-1

[Event "Rated Blitz game"]
[Site "?"]
[Date "2021.07.22"]
[Round "?"]
[White "emiliooo"]
[Black "ahoramahora"]
[Result "0-1"]
[WhiteElo "2539"]
[BlackElo "2398"]
[PlyCount "79"]
[EventDate "2021.??.??"]
[EventType "blitz"]

1. e4 e5 2. Nf3 d5 3. Nxe5 Bd6 4. d4 dxe4 5. Nc4 Nf6 6. Nc3 h6 7. Be2 Nc6 8.
Be3 O-O 9. Qd2 Bf5 10. h3 Bh7 11. g4 Bb4 12. a3 Bxc3 13. Qxc3 Nd5 14. Qd2 Nxe3
15. fxe3 Qh4+ 16. Kd1 Ne7 17. Kc1 Nd5 18. b3 b5 19. Ne5 a6 20. c4 bxc4 21. bxc4
Nb6 22. c5 Nd5 23. Bc4 Rfd8 24. Nc6 Rd7 25. Ne5 Rdd8 26. Rf1 Bg6 27. c6 Qxh3
28. Nxg6 fxg6 29. Kc2 Kh7 30. Bxd5 Rxd5 31. Rg1 Rf8 32. g5 h5 33. Qe2 Rf3 34.
Rae1 Rb5 35. Rh1 Qf5 36. Ref1 Rb6 37. Rxf3 exf3+ 38. Qd3 Rb2+ 39. Kxb2 Qxd3 40.
Rc1 {Normal} 0-1

[Event "Rated Blitz game"]
[Site "?"]
[Date "2021.07.22"]
[Round "?"]
[White "Chesstomioka"]
[Black "Fantastic_power06"]
[Result "0-1"]
[WhiteElo "2679"]
[BlackElo "2752"]
[PlyCount "56"]
[EventDate "2021.??.??"]
[EventType "blitz"]

1. e4 e5 2. Nf3 d5 3. Nxe5 Bd6 4. d4 dxe4 5. Nc4 Nc6 6. Nxd6+ Qxd6 7. c3 Bf5 8.
Be3 O-O-O 9. Nd2 h5 10. Bc4 Qg6 11. Qa4 Nf6 12. O-O-O Nd5 13. Bb5 Nb6 14. Qb3
a6 15. Bxc6 Qxc6 16. Qxf7 Be6 17. Qxg7 Bxa2 18. Qe5 Rhe8 19. Qc5 Qg6 20. b3
Qxg2 21. Rdg1 Qh3 22. Rg7 Rd7 23. Rxd7 Qxd7 24. Kb2 Bxb3 25. Kxb3 Kb8 26. Rg1
Ka7 27. Kb2 Ka8 28. Nc4 Na4+ {Normal} 0-1

[Event "Rated Blitz game"]
[Site "?"]
[Date "2021.07.22"]
[Round "?"]
[White "Yeknafar"]
[Black "blastol"]
[Result "1-0"]
[WhiteElo "2419"]
[BlackElo "2384"]
[PlyCount "61"]
[EventDate "2021.??.??"]
[EventType "blitz"]

1. e4 e5 2. Nf3 d5 3. exd5 Bd6 4. Nc3 Nf6 5. d3 h6 6. h3 O-O 7. Be2 c6 8. dxc6
Nxc6 9. O-O Be6 10. Ne4 Be7 11. Nxf6+ Bxf6 12. Bd2 Rc8 13. Bc3 Nd4 14. Nd2 Be7
15. Bf3 Nxf3+ 16. Nxf3 f6 17. Re1 Qd7 18. d4 Bxh3 19. gxh3 Qxh3 20. Nh2 exd4
21. Qxd4 Bc5 22. Qd5+ Kh8 23. Qg2 Qh4 24. Re4 Qh5 25. Rg4 Rc7 26. Re1 Qf5 27.
Re2 h5 28. Rg3 h4 29. Rf3 Qh5 30. Qg4 Qh6 31. Bd2 {Normal} 1-0

[Event "Rated Blitz game"]
[Site "?"]
[Date "2021.07.22"]
[Round "?"]
[White "Niemans"]
[Black "pasha1984"]
[Result "0-1"]
[WhiteElo "2385"]
[BlackElo "2426"]
[PlyCount "38"]
[EventDate "2021.??.??"]
[EventType "blitz"]

1. e4 e5 2. Nf3 d5 3. exd5 e4 4. Ne5 Qxd5 5. Nc4 Nf6 6. Nc3 Qe6 7. Nb5 Na6 8.
Nd4 Qd5 9. c3 Bg4 10. Qa4+ Bd7 11. Qb3 Nc5 12. Qc2 O-O-O 13. Ne3 Qe5 14. b4 Ne6
15. Nxe6 Bxe6 16. Be2 Nd5 17. O-O Nf4 18. Re1 Bd6 19. Bf1 Nh3+ {Normal} 0-1

[Event "Rated Blitz game"]
[Site "?"]
[Date "2021.07.22"]
[Round "?"]
[White "TheSchout"]
[Black "pasha1984"]
[Result "0-1"]
[WhiteElo "2496"]
[BlackElo "2428"]
[PlyCount "56"]
[EventDate "2021.??.??"]
[EventType "blitz"]

1. e4 e5 2. Nf3 d5 3. Nxe5 dxe4 4. Nc3 Bd6 5. Nc4 Nf6 6. Nxd6+ Qxd6 7. Bc4 Bg4
8. Be2 Bf5 9. O-O O-O 10. d3 exd3 11. Bxd3 Bxd3 12. cxd3 Nc6 13. Nb5 Qd7 14.
Bf4 Nd5 15. Bg3 a6 16. Nc3 Rad8 17. Nxd5 Qxd5 18. Bxc7 Rd7 19. Bg3 Qxd3 20. Qg4
f5 21. Qf4 Rd4 22. Qc7 Rd7 23. Qb6 f4 24. Bh4 f3 25. Bg3 fxg2 26. Rfe1 Nd4 27.
Kxg2 Qf3+ 28. Kh3 Rf6 {Normal} 0-1